000 00499nam a22001577a 4500
999 _c60572
_d60572
005 20230908104744.0
008 230908s1964 enk||||| |||| 00| 0 eng d
041 _aeng
080 _a7(37) W-62
100 _aWheeler, Mortimer
_919788
245 _aRoman art and architecture /
_cSir Mortimer Wheeler.
264 _aNew York,
_c1964.
300 _a250 p.:
_bill.;
_c21 cm.
653 _aრომაული ხელოვნება და არქიტექტურა
942 _2udc
_cBK